000 00677nam a2200265Ia 4500
001 5573
005 20240113233838.0
007 ta
008 050621s1953 a g b000 u hin u
020 _cPB
040 _aCotton College Assam
041 _ahin
082 _a891.433
_bD 642 B
100 _aDwivedi, Sidhavinayak .
245 0 _aBitragi /
_cSidhavinayak Dwivedi.
_hTextual Documents
250 _a1st ed. /
260 _aBanarash :
_bHindi Prakashan mandir ,
_c1953.
300 _a154p. :
_bill. ;
_c18cm .
653 _aHindi novel
653 _aHindi fiction
653 _aGen-Hindi
942 _2ddc
_cBK
999 _c5560
_d5560